| 000 | 00464nam a2200145 a 4500 | ||
|---|---|---|---|
| 008 | 120416s0000 ||||||||||||||||| || u | ||
| 020 | _a0718122739 | ||
| 050 | _aPR 6066.O93B8 | ||
| 100 | _aPowell, Margaret | ||
| 245 | 1 | 0 | _aThe Butler's revenge |
| 260 |
_aLondon _bMichael Joseph _c1984 |
||
| 300 | _a203p. | ||
| 350 | _a0.00 | ||
| 995 |
_D0.00 _FCBU-MAIN LIBRARY (Kitwe) _H1 _I8.95 _M1 _UAVAILABLE _ZFiction Collection |
||
| 999 |
_c36552 _d36552 |
||